Phòng trị bách bệnh bằng cây nhà lá vườn, cây thuốc nam dễ tìm
Đây là kinh nghiệm tự chữa bệnh thông thường trong gia đình do các lương y Nguyễn Văn Phấn, Trần Tiểu Hy,...được tác giả ghi lại. Đặc điểm của sách nàyv là có hai toa: thuốc Nam và thuốc Bắc, ngoài ra còn có các món ăn, thức uống dùng chữ...
Zapisane w:
| 1. autor: | |
|---|---|
| Format: | Książka |
| Język: | Undetermined |
| Wydane: |
Thanh Hoá
Nhà xuất bản Thanh hoá
2010
|
| Hasła przedmiotowe: | |
| Etykiety: |
Dodaj etykietę
Nie ma etykietki, Dołącz pierwszą etykiete!
|
| Thư viện lưu trữ: | Trung tâm Học liệu Trường Đại học Cần Thơ |
|---|
| LEADER | 01103nam a2200205Ia 4500 | ||
|---|---|---|---|
| 001 | CTU_160873 | ||
| 008 | 210402s9999 xx 000 0 und d | ||
| 020 | |c 22000 | ||
| 082 | |a 615.882 | ||
| 082 | |b H507 | ||
| 100 | |a Phan, Kim Huê | ||
| 245 | 0 | |a Phòng trị bách bệnh bằng cây nhà lá vườn, cây thuốc nam dễ tìm | |
| 245 | 0 | |c Phan Kim Huê | |
| 260 | |a Thanh Hoá | ||
| 260 | |b Nhà xuất bản Thanh hoá | ||
| 260 | |c 2010 | ||
| 520 | |a Đây là kinh nghiệm tự chữa bệnh thông thường trong gia đình do các lương y Nguyễn Văn Phấn, Trần Tiểu Hy,...được tác giả ghi lại. Đặc điểm của sách nàyv là có hai toa: thuốc Nam và thuốc Bắc, ngoài ra còn có các món ăn, thức uống dùng chữa bệnh thông thường dùng trong gia đình. | ||
| 650 | |a Folk medicine,Y học cổ truyền,Botany, medical,Thực vật học, y học | ||
| 904 | |i Thao, Hải | ||
| 980 | |a Trung tâm Học liệu Trường Đại học Cần Thơ | ||